বাংলা নাটকের ইতিহাস / (Record no. 48328)
[ view plain ]
| 000 -LEADER | |
|---|---|
| fixed length control field | 01013nam a2200253 a 4500 |
| 001 - CONTROL NUMBER | |
| control field | 48328 |
| 003 - CONTROL NUMBER IDENTIFIER | |
| rucl marc code | BD-RjUL |
| 005 - DATE AND TIME OF LATEST TRANSACTION | |
| control field | 20211209054513.0 |
| 008 - FIXED-LENGTH DATA ELEMENTS--GENERAL INFORMATION | |
| fixed length control field | 160514r20102005ii ||||| b||| 00| d ben d |
| 020 ## - INTERNATIONAL STANDARD BOOK NUMBER | |
| International Standard Book Number | 8129503654 |
| Terms of availability | : Tk. 250.00 |
| 035 ## - SYSTEM CONTROL NUMBER | |
| System control number | (BD-RjUL)48447 |
| 040 ## - CATALOGING SOURCE | |
| Original cataloging agency | BD-RjUL |
| Language of cataloging | ben |
| Transcribing agency | BD-RjUL |
| 041 ## - LANGUAGE CODE | |
| Language code of text/sound track or separate title | ben |
| 082 ## - DEWEY DECIMAL CLASSIFICATION NUMBER | |
| Edition number | 23 |
| Classification number | 891.44209 |
| Author mark and year | GHB 2005 |
| 100 ## - MAIN ENTRY--PERSONAL NAME | |
| Personal name | ঘোষ, অজিতকুমার |
| 9 (RLIN) | 121928 |
| 245 10 - TITLE STATEMENT | |
| Title | বাংলা নাটকের ইতিহাস / |
| Statement of responsibility, etc. | অজিতকুমার ঘোষ |
| 250 ## - EDITION STATEMENT | |
| Edition statement | ১ম দে'জ সং. |
| 260 ## - PUBLICATION, DISTRIBUTION, ETC. (IMPRINT) | |
| Place of publication, distribution, etc. | কলকাতা : |
| Name of publisher, distributor, etc. | দে'জ পাবলিশিং, |
| Date of publication, distribution, etc. | ২০০৫ |
| 300 ## - PHYSICAL DESCRIPTION | |
| Pagination | [৮], ৫৩৬ পৃ. ; |
| Size | ২২ সেমি. |
| 504 ## - BIBLIOGRAPHY, ETC. NOTE | |
| Bibliography, etc | গ্রন্থপঞ্জি ও নির্দেশিকা সংযুক্ত |
| 650 ## - SUBJECT ADDED ENTRY--TOPICAL TERM | |
| Topical term or geographic name as entry element | বাংলা নাটক |
| General subdivision | ইতিহাস ও সমালোচনা |
| 9 (RLIN) | 123674 |
| Topical term or geographic name as entry element | Bengali Drama |
| General subdivision | History and Criticism |
| 9 (RLIN) | 122764 |
| 942 ## - ADDED ENTRY ELEMENTS (KOHA) | |
| Source of classification or shelving scheme | Dewey Decimal Classification |
| Koha item type | Books |
| Lost status | Source of classification or shelving scheme | Damaged status | Not for loan | Collection code | Permanent Location | Current Location | Shelving location | Date acquired | Source of acquisition | Cost, normal purchase price | Total Checkouts | Full call number | Date last seen | Date checked out | Copy number | Koha item type |
|---|---|---|---|---|---|---|---|---|---|---|---|---|---|---|---|---|
| Dewey Decimal Classification | Non-fiction | Central Library, University of Rajshahi | Central Library, University of Rajshahi | 19/07/2006 | Paragon Enterprise Lit., Dhaka | 250.00 | 2 | B 891.44209 GHB 2005 | 25/03/2018 | 06/03/2018 | C-2 | Books | ||||
| Dewey Decimal Classification | Non-fiction | Central Library, University of Rajshahi | Central Library, University of Rajshahi | 19/07/2006 | Paragon Enterprise Lit., Dhaka | 250.00 | B 891.44209 GHB 2005 | 13/08/2016 | C-3 | Books |